[Event "Senior Women Russian Championship 2022_HL"]
[Site "Saint-Petersburg"]
[Date "2022.09.25"]
[Round "1.1"]
[White "Khropova, Larisa"]
[Black "Mikhaylova, Irina"]
[Result "0-1"]
[BlackElo "2266"]
[WhiteElo "2031"]
[LiveChessVersion "1.4.8"]

1. Nf3 {[%clk 1:30:57]} Nf6 {[%clk 1:30:03]} 2. g3 {[%clk 1:31:13]} g6
{[%clk 1:30:22]} 3. Bg2 {[%clk 1:31:37]} Bg7 {[%clk 1:30:48]} 4. O-O
{[%clk 1:32:01]} O-O {[%clk 1:30:58]} 5. d3 {[%clk 1:29:36]} d5 {[%clk 1:31:04]}
6. c3 {[%clk 1:29:55]} c5 {[%clk 1:31:25]} 7. Nbd2 {[%clk 1:30:10]} Nc6
{[%clk 1:31:47]} 8. e4 {[%clk 1:30:19]} e5 {[%clk 1:31:59]} 9. Re1
{[%clk 1:30:00]} d4 {[%clk 1:30:14]} 10. Qc2 {[%clk 1:28:51]} h6 {[%clk 1:12:48]}
11. Nb3 {[%clk 1:29:03]} Qe7 {[%clk 1:12:08]} 12. Bd2 {[%clk 1:26:01]} dxc3
{[%clk 1:09:42]} 13. bxc3 {[%clk 1:25:11]} Be6 {[%clk 1:09:49]} 14. Be3
{[%clk 1:13:20]} Ng4 {[%clk 0:58:08]} 15. Qe2 {[%clk 1:00:57]} Nxe3
{[%clk 0:57:02]} 16. Qxe3 {[%clk 1:01:02]} b6 {[%clk 0:51:52]} 17. Nc1
{[%clk 0:52:43]} Rad8 {[%clk 0:49:56]} 18. Ne2 {[%clk 0:48:15]} Rd7
{[%clk 0:48:57]} 19. Red1 {[%clk 0:41:20]} Rfd8 {[%clk 0:48:52]} 20. h3
{[%clk 0:29:40]} Rd6 {[%clk 0:47:44]} 21. Kh2 {[%clk 0:25:23]} Qd7
{[%clk 0:42:20]} 22. Ne1 {[%clk 0:23:10]} c4 {[%clk 0:40:12]} 23. Nc1
{[%clk 0:22:14]} cxd3 {[%clk 0:36:28]} 24. Rxd3 {[%clk 0:22:04]} Bc4
{[%clk 0:36:49]} 25. Rxd6 {[%clk 0:22:20]} Qxd6 {[%clk 0:37:17]} 26. Nb3
{[%clk 0:20:18]} Qa3 {[%clk 0:36:29]} 27. Qc1 {[%clk 0:19:37]} Qa4
{[%clk 0:34:11]} 28. Qb2 {[%clk 0:19:06]} Bf8 {[%clk 0:33:39]} 29. Kg1
{[%clk 0:18:28]} h5 {[%clk 0:31:34]} 30. Nc2 {[%clk 0:12:50]} Bh6
{[%clk 0:30:33]} 31. Re1 {[%clk 0:12:53]} Ne7 {[%clk 0:25:25]} 32. Bf3
{[%clk 0:12:07]} Qc6 {[%clk 0:22:51]} 33. Nb4 {[%clk 0:11:19]} Qe6
{[%clk 0:22:55]} 34. Kg2 {[%clk 0:10:31]} a5 {[%clk 0:19:38]} 35. Nc2
{[%clk 0:10:20]} h4 {[%clk 0:16:21]} 36. Ne3 {[%clk 0:08:17]} hxg3
{[%clk 0:16:10]} 37. fxg3 {[%clk 0:08:27]} a4 {[%clk 0:12:07]} 38. Nc1
{[%clk 0:07:29]} b5 {[%clk 0:10:07]} 39. Nxc4 {[%clk 0:04:57]} Qxc4
{[%clk 0:10:13]} 40. Re2 {[%clk 0:35:11]} Rd1 {[%clk 0:38:51]} 41. Rf2
{[%clk 0:23:37]} Rxc1 {[%clk 0:30:12]} 42. Qa3 {[%clk 0:22:13]} Nc6
{[%clk 0:26:35]} 43. Qd6 {[%clk 0:17:46]} Rxc3 {[%clk 0:21:13]} 44. h4
{[%clk 0:16:48]} Rc2 {[%clk 0:18:29]} 45. h5 {[%clk 0:16:24]} 0-1

[Event "Senior Women Russian Championship 2022_HL"]
[Site "Saint-Petersburg"]
[Date "2022.09.25"]
[Round "1.2"]
[White "Sirotkina, Nina"]
[Black "Sorokina, Tamara"]
[Result "1-0"]
[BlackElo "2028"]
[WhiteElo "2190"]
[LiveChessVersion "1.4.8"]

1. d4 {[%clk 1:30:54]} Nf6 {[%clk 1:30:53]} 2. Nf3 {[%clk 1:30:44]} c5
{[%clk 1:31:11]} 3. d5 {[%clk 1:29:59]} e6 {[%clk 1:31:34]} 4. Nc3
{[%clk 1:28:20]} d6 {[%clk 1:27:18]} 5. e4 {[%clk 1:27:13]} exd5 {[%clk 1:26:51]}
6. Nxd5 {[%clk 1:06:17]} Nxd5 {[%clk 1:26:58]} 7. Qxd5 {[%clk 1:05:35]} Be7
{[%clk 1:27:20]} 8. Bc4 {[%clk 0:57:27]} O-O {[%clk 1:26:35]} 9. O-O
{[%clk 0:50:02]} Nc6 {[%clk 1:10:54]} 10. Qd3 {[%clk 0:35:27]} Bg4
{[%clk 1:06:17]} 11. c3 {[%clk 0:28:11]} Bxf3 {[%clk 1:04:02]} 12. Qxf3
{[%clk 0:28:30]} Ne5 {[%clk 1:04:25]} 13. Qe2 {[%clk 0:28:42]} Nxc4
{[%clk 1:04:31]} 14. Qxc4 {[%clk 0:29:04]} a6 {[%clk 1:04:47]} 15. a4
{[%clk 0:25:13]} Qc7 {[%clk 0:56:20]} 16. Rd1 {[%clk 0:25:04]} Qc6
{[%clk 0:55:24]} 17. Bf4 {[%clk 0:24:37]} Rfd8 {[%clk 0:54:48]} 18. a5
{[%clk 0:22:23]} b5 {[%clk 0:53:23]} 19. axb6 {[%clk 0:22:10]} Qxb6
{[%clk 0:53:51]} 20. Rd2 {[%clk 0:20:57]} h6 {[%clk 0:53:35]} 21. Rad1
{[%clk 0:20:35]} a5 {[%clk 0:51:36]} 22. h3 {[%clk 0:20:11]} a4 {[%clk 0:47:12]}
23. Ra1 {[%clk 0:19:50]} Qc6 {[%clk 0:43:28]} 24. Ra2 {[%clk 0:18:52]} Rdb8
{[%clk 0:38:51]} 25. Rd1 {[%clk 0:16:05]} Rb6 {[%clk 0:38:00]} 26. Rda1
{[%clk 0:16:07]} Bg5 {[%clk 0:31:42]} 27. Bg3 {[%clk 0:14:11]} Bf6
{[%clk 0:30:01]} 28. Rxa4 {[%clk 0:11:17]} Rxa4 {[%clk 0:30:13]} 29. Qxa4
{[%clk 0:10:28]} Qxa4 {[%clk 0:30:35]} 30. Rxa4 {[%clk 0:10:53]} Rxb2
{[%clk 0:30:59]} 31. Bxd6 {[%clk 0:10:49]} Bxc3 {[%clk 0:31:24]} 32. Bxc5
{[%clk 0:10:11]} Rb1+ {[%clk 0:31:48]} 33. Kh2 {[%clk 0:10:28]} Be5+
{[%clk 0:32:16]} 34. g3 {[%clk 0:10:49]} g5 {[%clk 0:32:23]} 35. Be3
{[%clk 0:10:09]} Rb2 {[%clk 0:31:47]} 36. Kg2 {[%clk 0:09:58]} Rb3
{[%clk 0:31:41]} 37. Kf3 {[%clk 0:09:02]} Kg7 {[%clk 0:31:58]} 38. Kg4
{[%clk 0:06:33]} Kg6 {[%clk 0:32:08]} 39. Ra6+ {[%clk 0:05:10]} f6
{[%clk 0:32:01]} 40. Ra4 {[%clk 0:34:55]} Rd3 {[%clk 1:01:13]} 41. Kf3
{[%clk 0:34:17]} Rb3 {[%clk 1:01:10]} 42. Rc4 {[%clk 0:33:29]} h5
{[%clk 0:59:58]} 43. Kg2 {[%clk 0:27:44]} h4 {[%clk 0:58:33]} 44. gxh4
{[%clk 0:26:18]} gxh4 {[%clk 0:59:01]} 45. Kf3 {[%clk 0:24:00]} Kh5
{[%clk 0:50:33]} 46. Rc5 {[%clk 0:18:20]} Rb8 {[%clk 0:46:22]} 47. Bd4
{[%clk 0:12:16]} Rb3+ {[%clk 0:43:50]} 48. Kg2 {[%clk 0:11:51]} Kg5
{[%clk 0:44:11]} 49. Bxe5 {[%clk 0:11:24]} fxe5 {[%clk 0:44:34]} 50. Rxe5+
{[%clk 0:11:41]} Kf4 {[%clk 0:45:02]} 51. Re8 {[%clk 0:10:45]} Rb7
{[%clk 0:45:22]} 1-0

[Event "Senior Women Russian Championship 2022_HL"]
[Site "Saint-Petersburg"]
[Date "2022.09.25"]
[Round "1.3"]
[White "Titorenko, Natalia I"]
[Black "Bogumil, Tatiana"]
[Result "1/2-1/2"]
[BlackElo "2182"]
[WhiteElo "2024"]
[LiveChessVersion "1.4.8"]

1. e4 {[%clk 1:30:56]} b6 {[%clk 1:30:44]} 2. Nf3 {[%clk 1:28:31]} Bb7
{[%clk 1:30:57]} 3. Bc4 {[%clk 1:24:41]} e6 {[%clk 1:29:02]} 4. Qe2
{[%clk 1:23:55]} Nf6 {[%clk 1:25:22]} 5. e5 {[%clk 1:04:46]} Nd5 {[%clk 1:24:11]}
6. d4 {[%clk 1:05:14]} Bb4+ {[%clk 1:22:00]} 7. c3 {[%clk 1:05:00]} Be7
{[%clk 1:22:18]} 8. a3 {[%clk 0:58:14]} a5 {[%clk 1:15:23]} 9. Bd3
{[%clk 0:58:00]} c5 {[%clk 1:13:10]} 10. c4 {[%clk 0:55:35]} Nc7 {[%clk 1:13:28]}
11. Nc3 {[%clk 0:47:16]} cxd4 {[%clk 1:02:38]} 12. Ne4 {[%clk 0:38:28]} d5
{[%clk 0:55:56]} 13. exd6 {[%clk 0:35:40]} Bxd6 {[%clk 0:56:20]} 14. Nxd4
{[%clk 0:25:23]} Be7 {[%clk 0:45:42]} 15. Be3 {[%clk 0:24:42]} Nd7
{[%clk 0:26:59]} 16. Nf3 {[%clk 0:22:27]} f5 {[%clk 0:23:03]} 17. Nc3
{[%clk 0:19:38]} O-O {[%clk 0:18:08]} 18. O-O-O {[%clk 0:13:58]} Bf6
{[%clk 0:14:18]} 19. Na4 {[%clk 0:12:16]} Qe7 {[%clk 0:06:45]} 20. Bd4
{[%clk 0:08:30]} b5 {[%clk 0:04:54]} 21. Bxf6 {[%clk 0:08:06]} Qxf6
{[%clk 0:04:23]} 22. cxb5 {[%clk 0:07:06]} Nd5 {[%clk 0:04:38]} 23. Rhe1
{[%clk 0:04:45]} Nf4 {[%clk 0:04:37]} 24. Qf1 {[%clk 0:04:35]} Rac8+
{[%clk 0:03:43]} 25. Kb1 {[%clk 0:04:03]} Nxd3 {[%clk 0:02:47]} 26. Qxd3
{[%clk 0:04:21]} Be4 {[%clk 0:03:10]} 27. Rxe4 {[%clk 0:04:26]} fxe4
{[%clk 0:03:37]} 28. Qxe4 {[%clk 0:04:32]} Nc5 {[%clk 0:03:50]} 29. Nxc5
{[%clk 0:03:38]} Rxc5 {[%clk 0:04:19]} 30. Re1 {[%clk 0:02:07]} Rxb5
{[%clk 0:03:58]} 31. Qxe6+ {[%clk 0:02:29]} Qxe6 {[%clk 0:04:01]} 32. Rxe6
{[%clk 0:04:58]} Rfb8 {[%clk 0:02:21]} 33. Re2 {[%clk 0:05:25]} g5
{[%clk 0:01:22]} 34. h3 {[%clk 0:05:25]} Kg7 {[%clk 0:01:17]} 35. Nd4
{[%clk 0:03:37]} Rd5 {[%clk 0:01:20]} 36. Nc2 {[%clk 0:02:06]} Rd1+
{[%clk 0:00:54]} 37. Ka2 {[%clk 0:02:34]} Kf6 {[%clk 0:01:07]} 38. Ne3
{[%clk 0:02:47]} Rd4 {[%clk 0:01:19]} 39. Rc2 {[%clk 0:02:38]} Rb5
{[%clk 0:01:16]} 40. Rc6+ {[%clk 0:32:12]} Ke5 {[%clk 0:30:55]} 41. Ng4+
{[%clk 0:29:35]} Kd5 {[%clk 0:30:50]} 42. Rc2 {[%clk 0:29:44]} Rb7
{[%clk 0:29:44]} 43. Re2 {[%clk 0:18:15]} Kd6 {[%clk 0:20:27]} 44. Ne3
{[%clk 0:15:06]} Rb5 {[%clk 0:18:24]} 45. Ng4 {[%clk 0:09:50]} h5
{[%clk 0:13:17]} 46. Nf6 {[%clk 0:09:05]} h4 {[%clk 0:10:10]} 47. Ne4+
{[%clk 0:06:36]} Kc6 {[%clk 0:09:54]} 48. Rc2+ {[%clk 0:06:05]} Kb6
{[%clk 0:10:01]} 49. f3 {[%clk 0:05:21]} Re5 1/2-1/2

[Event "Senior Women Russian Championship 2022_HL"]
[Site "Saint-Petersburg"]
[Date "2022.09.25"]
[Round "1.4"]
[White "Solomonova, Lidiya"]
[Black "Ovsiannikova, Tatiana"]
[Result "1/2-1/2"]
[BlackElo "2009"]
[WhiteElo "2168"]
[LiveChessVersion "1.4.8"]

1. e4 {[%clk 1:30:56]} c6 {[%clk 1:30:24]} 2. d4 {[%clk 1:31:15]} d5
{[%clk 1:30:40]} 3. exd5 {[%clk 1:31:24]} cxd5 {[%clk 1:30:57]} 4. c4
{[%clk 1:31:45]} e6 {[%clk 1:28:26]} 5. Nc3 {[%clk 1:31:50]} Nf6 {[%clk 1:23:56]}
6. Nf3 {[%clk 1:31:50]} Nc6 {[%clk 1:22:29]} 7. c5 {[%clk 1:28:55]} Be7
{[%clk 1:21:56]} 8. a3 {[%clk 1:28:38]} O-O {[%clk 1:22:06]} 9. Bd3
{[%clk 1:28:27]} b6 {[%clk 1:22:01]} 10. b4 {[%clk 1:28:18]} bxc5
{[%clk 1:21:54]} 11. bxc5 {[%clk 1:28:19]} a5 {[%clk 1:18:12]} 12. Qe2
{[%clk 1:23:27]} Re8 {[%clk 1:16:52]} 13. Bb5 {[%clk 1:20:45]} Bd7
{[%clk 1:16:16]} 14. O-O {[%clk 1:19:42]} Na7 {[%clk 1:11:59]} 15. Bd3
{[%clk 1:17:32]} h6 {[%clk 1:11:31]} 16. Bf4 {[%clk 1:16:00]} Nc6
{[%clk 1:09:54]} 17. Nb5 {[%clk 1:13:51]} Rc8 {[%clk 1:03:13]} 18. Nd6
{[%clk 1:08:52]} Bxd6 {[%clk 1:03:20]} 19. Bxd6 {[%clk 1:09:17]} a4
{[%clk 1:00:19]} 20. Bc2 {[%clk 1:05:08]} Qa5 {[%clk 0:57:28]} 21. Qd3
{[%clk 1:03:19]} Ne4 {[%clk 0:56:03]} 22. Bf4 {[%clk 1:02:40]} Qc3
{[%clk 0:51:55]} 23. Qd1 {[%clk 0:58:57]} e5 {[%clk 0:45:20]} 24. Nxe5
{[%clk 0:52:04]} Nxe5 {[%clk 0:43:18]} 25. Bxe5 {[%clk 0:46:25]} Nxc5
{[%clk 0:42:33]} 26. Rc1 {[%clk 0:44:39]} Ne4 {[%clk 0:35:03]} 27. Bxe4
{[%clk 0:30:23]} Qxc1 {[%clk 0:34:11]} 28. Qxc1 {[%clk 0:30:41]} Rxc1
{[%clk 0:34:18]} 1/2-1/2

[Event "Senior Women Russian Championship 2022_HL"]
[Site "Saint-Petersburg"]
[Date "2022.09.25"]
[Round "1.5"]
[White "Chernikova, Svetlana"]
[Black "Gladisheva, Tatjana"]
[Result "1/2-1/2"]
[BlackElo "2162"]
[WhiteElo "2008"]
[LiveChessVersion "1.4.8"]

1. e4 {[%clk 1:30:54]} e6 {[%clk 1:30:55]} 2. d4 {[%clk 1:31:08]} b6
{[%clk 1:31:19]} 3. Nc3 {[%clk 1:30:12]} Bb7 {[%clk 1:31:30]} 4. Be2
{[%clk 1:29:31]} Bb4 {[%clk 1:31:41]} 5. Bf3 {[%clk 1:28:35]} d5 {[%clk 1:27:00]}
6. exd5 {[%clk 1:27:31]} Bxd5 {[%clk 1:27:07]} 7. a3 {[%clk 1:25:26]} Bxc3+
{[%clk 1:25:28]} 8. bxc3 {[%clk 1:25:46]} Ne7 {[%clk 1:22:29]} 9. c4
{[%clk 1:22:17]} Bxf3 {[%clk 1:22:28]} 10. Nxf3 {[%clk 1:22:02]} O-O
{[%clk 1:20:20]} 11. O-O {[%clk 1:20:53]} c5 {[%clk 1:18:18]} 12. dxc5
{[%clk 1:10:12]} bxc5 {[%clk 1:17:36]} 13. Qxd8 {[%clk 1:10:11]} Rxd8
{[%clk 1:18:00]} 14. Be3 {[%clk 1:10:28]} Nd7 {[%clk 1:10:27]} 15. Rab1
{[%clk 1:06:18]} Nf5 {[%clk 1:09:19]} 16. Bf4 {[%clk 1:03:27]} Nd4
{[%clk 1:06:43]} 17. Bd6 {[%clk 0:55:38]} Nxf3+ {[%clk 1:03:00]} 18. gxf3
{[%clk 0:55:58]} Nb6 {[%clk 0:54:24]} 19. Bc7 {[%clk 0:40:31]} Rd4
{[%clk 0:49:45]} 20. Bxb6 {[%clk 0:40:11]} axb6 {[%clk 0:50:11]} 21. Rxb6
{[%clk 0:39:28]} g6 22. Rb3 {[%clk 0:30:21]} Ra4 {[%clk 0:47:26]} 23. Re1
{[%clk 0:28:28]} Raxc4 {[%clk 0:45:24]} 24. c3 {[%clk 0:22:52]} Rd3
{[%clk 0:42:24]} 25. Re3 {[%clk 0:22:36]} Rd1+ {[%clk 0:42:49]} 26. Kg2
{[%clk 0:22:57]} Ra4 {[%clk 0:40:55]} 27. Re5 {[%clk 0:20:33]} Rd5
{[%clk 0:36:51]} 28. Re4 {[%clk 0:17:40]} c4 {[%clk 0:29:45]} 29. Rb4
{[%clk 0:17:41]} Rxa3 {[%clk 0:30:07]} 30. Rbxc4 {[%clk 0:17:29]} Rd3
{[%clk 0:29:24]} 31. Re3 {[%clk 0:15:59]} Rd2 {[%clk 0:29:39]} 32. f4
{[%clk 0:14:20]} Raa2 {[%clk 0:25:06]} 33. Rf3 {[%clk 0:14:38]} Kg7
{[%clk 0:25:00]} 34. Rc5 {[%clk 0:14:26]} Rac2 {[%clk 0:25:16]} 35. Re5
{[%clk 0:12:21]} Kf6 {[%clk 0:24:57]} 36. h4 {[%clk 0:11:02]} h5 {[%clk 0:25:20]}
37. Rc5 {[%clk 0:10:25]} Rd1 {[%clk 0:25:43]} 38. Rh3 {[%clk 0:06:20]} Rdc1
{[%clk 0:18:53]} 39. Rd3 {[%clk 0:05:29]} Re1 {[%clk 0:18:27]} 40. Rc7
{[%clk 0:32:46]} Ree2 {[%clk 0:48:17]} 41. Rf3 {[%clk 0:30:23]} Rcd2
{[%clk 0:47:24]} 42. Rc5 {[%clk 0:28:43]} Re1 {[%clk 0:45:29]} 43. Re5
{[%clk 0:25:42]} Rc1 {[%clk 0:44:14]} 44. Rh3 {[%clk 0:22:44]} Rdd1
{[%clk 0:43:46]} 45. Ree3 {[%clk 0:20:01]} Rd5 {[%clk 0:41:54]} 46. Rhf3
{[%clk 0:19:52]} Ke7 {[%clk 0:41:59]} 47. Rd3 {[%clk 0:18:53]} Rd1
{[%clk 0:42:09]} 48. Rxd5 {[%clk 0:17:51]} Rxd5 {[%clk 0:42:11]} 49. Re3
{[%clk 0:15:30]} Kd6 {[%clk 0:42:14]} 50. Re4 {[%clk 0:14:28]} Rd3
{[%clk 0:38:22]} 51. Rc4 {[%clk 0:14:27]} Kd7 {[%clk 0:29:45]} 52. f3
{[%clk 0:14:20]} Rd2+ {[%clk 0:28:51]} 53. Kg3 {[%clk 0:14:44]} Rc2
{[%clk 0:28:43]} 54. Rc5 {[%clk 0:14:42]} Ra2 {[%clk 0:26:55]} 55. Rc4
{[%clk 0:14:45]} f6 {[%clk 0:24:43]} 56. Rd4+ {[%clk 0:13:56]} Ke7
{[%clk 0:21:26]} 57. Rb4 {[%clk 0:14:15]} Ra7 {[%clk 0:19:30]} 58. Rc4
{[%clk 0:14:14]} Kd7 {[%clk 0:15:53]} 59. Rd4+ {[%clk 0:14:28]} Ke7
{[%clk 0:15:17]} 60. Rc4 {[%clk 0:14:48]} Rd7 {[%clk 0:15:40]} 61. Rc8
{[%clk 0:14:46]} f5 {[%clk 0:12:11]} 62. Rg8 {[%clk 0:13:28]} Kf7
{[%clk 0:12:30]} 63. Rc8 {[%clk 0:13:49]} Ke7 {[%clk 0:10:44]} 64. Rg8
{[%clk 0:13:58]} Kf7 {[%clk 0:11:10]} 65. Rc8 {[%clk 0:14:23]} Ke7
{[%clk 0:11:38]} 66. Rg8 {[%clk 0:14:44]} Kf7 {[%clk 0:12:04]} 1/2-1/2

[Event "Senior Women Russian Championship 2022_H"]
[Site "Saint-Petersburg"]
[Date "2022.09.25"]
[Round "1.6"]
[White "Fatalibekova, Elena"]
[Black "Grigoryeva, Olga"]
[Result "1-0"]
[WhiteElo "2140"]
[BlackElo "1940"]
[PlyCount "53"]
[EventDate "2022.??.??"]

1. d4 d5 2. c4 c6 3. e3 Nf6 4. Nd2 Bf5 5. Qb3 Qb6 6. c5 Qc7 7. Ngf3 Nbd7 8. Nh4
e6 9. Nxf5 exf5 10. g3 b6 11. cxb6 axb6 12. Bg2 Ne4 13. f3 Nef6 14. O-O c5 15.
Qc2 g6 16. e4 fxe4 17. fxe4 Bh6 18. exd5 Be3+ 19. Kh1 O-O-O 20. d6 Qa7 21. Nb3
Bxc1 22. Raxc1 Kb8 23. dxc5 bxc5 24. Qc3 Rhe8 25. Na5 Rc8 26. Rxf6 Nxf6 27.
Qb3+ 1-0

[Event "Senior Women Russian Championship 2022_H"]
[Site "Saint-Petersburg"]
[Date "2022.09.25"]
[Round "1.7"]
[White "Kuznetsova, Luba"]
[Black "Ivanova, Tatiana"]
[Result "0-1"]
[WhiteElo "1935"]
[BlackElo "2127"]
[PlyCount "102"]
[EventDate "2022.??.??"]

1. d4 Nf6 2. c4 e6 3. Nc3 d5 4. e3 Be7 5. Nf3 O-O 6. Bd3 b6 7. O-O Bb7 8. Ne5
Nbd7 9. Nxd7 Qxd7 10. Qc2 dxc4 11. Be2 b5 12. a3 c5 13. Rd1 cxd4 14. Rxd4 Qc6
15. Bf3 Qb6 16. Bxb7 Qxb7 17. h3 Rfd8 18. Rxd8+ Rxd8 19. Bd2 Rd3 20. Be1 Qd7
21. Ne2 e5 22. Kf1 Nd5 23. Kg1 Nb6 24. Kf1 g6 25. Nc1 Rd5 26. e4 Rd6 27. Ke2
Bg5 28. Bb4 Rc6 29. Na2 Na4 30. Rd1 Qc7 31. Rd5 Nc5 32. Nc3 a6 33. Bxc5 Rxc5
34. Qd1 Rxd5 35. Qxd5 Qd8 36. Kd1 Qf6 37. Ke2 Qf4 38. g3 Qc1 39. Nd1 Qc2+ 40.
Ke1 Bc1 41. f4 Bxb2 42. fxe5 Bxa3 43. Qd8+ Bf8 44. Qd5 Bb4+ 45. Kf1 Qd3+ 46.
Kf2 Qxd5 47. exd5 c3 48. Ne3 Bc5 49. Ke2 Bxe3 50. Kxe3 Kf8 51. g4 g5 0-1

[Event "Senior Women Russian Championship 2022_HL"]
[Site "Saint-Petersburg"]
[Date "2022.09.25"]
[Round "1.8"]
[White "Sazonova, Elena N."]
[Black "Saunina, Ludmila"]
[Result "1/2-1/2"]
[BlackElo "1902"]
[WhiteElo "2120"]
[LiveChessVersion "1.4.8"]

1. e4 {[%clk 1:30:58]} e6 {[%clk 1:30:50]} 2. d4 {[%clk 1:31:19]} d5
{[%clk 1:31:14]} 3. Nc3 {[%clk 1:31:41]} Nf6 {[%clk 1:31:39]} 4. Bg5
{[%clk 1:32:03]} Be7 {[%clk 1:32:03]} 5. e5 {[%clk 1:32:25]} Nfd7
{[%clk 1:32:29]} 6. Bxe7 {[%clk 1:32:46]} Qxe7 {[%clk 1:32:53]} 7. f4
{[%clk 1:32:59]} a6 {[%clk 1:33:18]} 8. Qg4 {[%clk 1:33:08]} f6 {[%clk 1:31:32]}
9. exf6 {[%clk 1:27:43]} Qxf6 {[%clk 1:23:21]} 10. Nf3 {[%clk 1:27:24]} c5
{[%clk 1:22:53]} 11. Qh5+ {[%clk 1:21:59]} g6 {[%clk 1:18:59]} 12. Qg5
{[%clk 1:21:14]} cxd4 {[%clk 1:10:51]} 13. Qxf6 {[%clk 1:21:14]} Nxf6
{[%clk 1:11:18]} 14. Nxd4 {[%clk 1:21:40]} Nc6 {[%clk 1:11:25]} 15. O-O-O
{[%clk 1:13:47]} Bd7 {[%clk 1:10:48]} 16. g3 {[%clk 1:11:41]} Ke7
{[%clk 1:09:25]} 17. Bg2 {[%clk 1:09:16]} Kd6 {[%clk 1:09:15]} 18. Rhe1
{[%clk 1:07:50]} Rhe8 {[%clk 1:09:39]} 19. Nf3 {[%clk 1:07:55]} b5
{[%clk 1:06:09]} 20. Ne5 {[%clk 1:06:57]} b4 {[%clk 1:03:15]} 21. Ne4+
{[%clk 0:57:15]} Nxe4 {[%clk 1:03:39]} 22. Rxe4 {[%clk 0:57:25]} a5
{[%clk 1:03:45]} 23. Bh3 {[%clk 0:55:30]} Nxe5 {[%clk 1:03:02]} 24. Rxe5
{[%clk 0:48:59]} Rf8 {[%clk 1:03:00]} 25. Rde1 {[%clk 0:45:21]} Rf6
{[%clk 1:01:36]} 26. R1e3 {[%clk 0:39:49]} Rc8 {[%clk 1:00:49]} 27. Kd2
{[%clk 0:39:20]} Rc4 {[%clk 0:57:10]} 28. Bf1 {[%clk 0:30:45]} Rc5
{[%clk 0:55:59]} 29. h4 {[%clk 0:29:21]} Rf5 {[%clk 0:46:31]} 30. Re1
{[%clk 0:21:11]} Rxe5 {[%clk 0:40:31]} 31. Rxe5 {[%clk 0:19:42]} h6
{[%clk 0:30:06]} 32. Bd3 {[%clk 0:11:08]} Be8 {[%clk 0:30:31]} 33. Ke3
{[%clk 0:11:27]} Rc7 {[%clk 0:27:53]} 34. Kd4 {[%clk 0:10:30]} Rg7
{[%clk 0:26:49]} 35. Ke3 {[%clk 0:03:30]} Rc7 {[%clk 0:25:26]} 36. Kd2
{[%clk 0:03:41]} Rc5 {[%clk 0:24:49]} 37. Re1 {[%clk 0:03:42]} Rc7
{[%clk 0:24:23]} 38. Bf1 {[%clk 0:03:29]} Rg7 {[%clk 0:22:11]} 39. Bh3
{[%clk 0:03:38]} Bd7 {[%clk 0:20:23]} 40. Re5 {[%clk 0:32:27]} Rg8
{[%clk 0:50:08]} 41. Bf1 {[%clk 0:29:16]} Rh8 1/2-1/2

[Event "Senior Women Russian Championship 2022_HL"]
[Site "Saint-Petersburg"]
[Date "2022.09.25"]
[Round "1.9"]
[White "Malinicheva, Lidia"]
[Black "Strutinskaia, Galina"]
[Result "0-1"]
[BlackElo "2097"]
[WhiteElo "1845"]
[LiveChessVersion "1.4.8"]

1. Nf3 {[%clk 1:30:54]} e6 {[%clk 1:30:21]} 2. c4 {[%clk 1:30:39]} d5
{[%clk 1:29:50]} 3. g3 {[%clk 1:30:53]} dxc4 {[%clk 1:28:57]} 4. Na3
{[%clk 1:28:17]} a6 {[%clk 1:26:42]} 5. Nxc4 {[%clk 1:27:50]} b5 {[%clk 1:26:48]}
6. Ne3 {[%clk 1:25:25]} Bb7 {[%clk 1:24:05]} 7. Bg2 {[%clk 1:25:38]} Nd7
{[%clk 1:23:43]} 8. O-O {[%clk 1:25:08]} Ngf6 {[%clk 1:23:51]} 9. d3
{[%clk 1:21:49]} c5 {[%clk 1:21:25]} 10. a4 {[%clk 1:19:41]} Bd6 {[%clk 1:20:02]}
11. Bd2 {[%clk 1:16:40]} O-O {[%clk 1:20:02]} 12. Qb3 {[%clk 1:14:21]} Bc6
{[%clk 1:17:06]} 13. axb5 {[%clk 1:05:52]} axb5 {[%clk 1:17:20]} 14. Ng5
{[%clk 1:05:23]} Bxg2 {[%clk 1:09:41]} 15. Kxg2 {[%clk 0:58:45]} Qb6
{[%clk 1:05:44]} 16. Rxa8 {[%clk 0:52:31]} Rxa8 {[%clk 1:06:11]} 17. f4
{[%clk 0:49:42]} h6 {[%clk 1:00:28]} 18. Nf3 {[%clk 0:43:45]} Qa6
{[%clk 0:53:57]} 19. Nd1 {[%clk 0:37:26]} c4 {[%clk 0:52:01]} 20. dxc4
{[%clk 0:33:40]} bxc4 {[%clk 0:52:15]} 21. Qc2 {[%clk 0:33:06]} Rc8
{[%clk 0:42:25]} 22. Ne3 {[%clk 0:25:30]} Nb6 {[%clk 0:39:13]} 23. Rc1
{[%clk 0:23:16]} Qb7 {[%clk 0:36:16]} 24. Qb1 {[%clk 0:18:16]} Ne4
{[%clk 0:36:00]} 25. Ba5 {[%clk 0:18:19]} Nd5 {[%clk 0:34:35]} 26. Nxc4
{[%clk 0:17:06]} Rxc4 {[%clk 0:34:54]} 27. Kh3 {[%clk 0:08:04]} Nf2+
{[%clk 0:33:24]} 28. Kg2 {[%clk 0:08:13]} Ng4 {[%clk 0:33:40]} 29. Bd2
{[%clk 0:06:19]} Nde3+ {[%clk 0:33:40]} 30. Bxe3 {[%clk 0:06:05]} Nxe3+
{[%clk 0:34:08]} 31. Kh3 {[%clk 0:06:25]} Qb5 {[%clk 0:34:16]} 32. Rxc4
{[%clk 0:06:06]} Qh5+ {[%clk 0:34:36]} 33. Nh4 {[%clk 0:06:25]} Qg4#
{[%clk 0:35:02]} 0-1